Landlocked Countries- Sudden Death - Statistics

General Stats
  • This quiz has been taken 70 times
  • The average score is 15 of 32
Answers on the Grid
Answers color-coded by a green-red scale on the quiz's grid according to % correct below.
Ethiopia
South Sudan
Eswatini
Lesotho
Burkina Faso
Mali
Serbia
Kazakhstan
San Marino
Vatican City
Azerbaijan
Armenia
Bolivia
Afghanistan
Laos
Slovakia
Chad
Paraguay
North Macedonia
Slovenia
Bosnia and Herzegovina
Montenegro
Cambodia
Uruguay
Monaco
Romania
Mauritania
Iraq
Georgia
Sudan
Belarus
Lithuania
Bhutan
Bangladesh
Pakistan
Uzbekistan
Kyrgyzstan
Tajikistan
Turkmenistan
Malawi
Moldova
Uganda
Kenya
Jordan
Switzerland
Belgium
Niger
Nigeria
Czech Republic
The Gambia
Botswana
 
Answer Stats
Answer % Correct
Vatican City
68%
Czech Republic
61%
San Marino
55%
Switzerland
55%
Afghanistan
52%
Belarus
52%
Kyrgyzstan
52%
Uzbekistan
52%
Bhutan
50%
Chad
50%
Niger
50%
South Sudan
50%
Ethiopia
48%
Paraguay
48%
Serbia
48%
Uganda
48%
Bolivia
45%
Kazakhstan
45%
Malawi
45%
Botswana
43%
Laos
43%
Lesotho
43%
Mali
43%
Moldova
43%
North Macedonia
43%
Turkmenistan
43%
Armenia
41%
Eswatini
41%
Slovakia
39%
Tajikistan
39%
Burkina Faso
34%
Azerbaijan
32%
No matching quizzes found
Score Distribution
Percent of People with Each Score
Percentile by Number Answered
Your Score History
You have not taken this quiz